Subdivisions of Europe on a Map: Alternative Version - Statistics

General Stats
  • This quiz has been taken 420 times
  • The average score is 219 of 685
Answers on the Map
Answers color-coded by a green-red scale on the quiz's map according to % correct below.
 
Answer Stats
Country Type Subdivision % Correct
Denmark Region North Jutland
79%
Ireland County Louth
77%
Malta Region Northern
77%
United Kingdom Country England
75%
United Kingdom Country Scotland
75%
Denmark Region Southern Denmark
75%
Iceland Region Suðurland
75%
United Kingdom Country Wales
75%
Denmark Region Central Denmark
74%
United Kingdom Province Northern Ireland
74%
Iceland Region Vesturland
74%
Germany State Berlin
73%
Estonia County Lääne
73%
Germany State Bavaria
71%
France Region Brittany
71%
Belgium Region Brussels-Capital Region
71%
Malta Region Central
71%
Finland Region Central Finland
71%
Greece Region Central Greece
71%
Greece Region Western Greece
71%
Malta Region Southern
70%
France Region Corsica
69%
Spain Community Madrid
69%
Italy Region Sicily
69%
Iceland Region Austurland
68%
Italy Region Sardinia
68%
Spain Community Catalonia
67%
Slovenia Statistical region Central Slovenia
67%
Ireland City Dublin
67%
North Macedonia Region East
67%
United Kingdom Territory Gibraltar
67%
Portugal District Lisbon
67%
Belarus City Minsk
67%
Belarus Region Minsk
67%
Norway Region Oslo
67%
Austria State Vienna
67%
Germany State Hamburg
65%
France Region Normandy
65%
Russia City Moscow
64%
Russia Region Moscow
64%
Germany State Saxony
64%
Germany State Bremen
63%
Denmark Region Capital Region
63%
Iceland Region Höfuðborgarsvæði
63%
Belgium Province Luxembourg
63%
Luxembourg Canton Luxembourg
63%
Austria State Tyrol
63%
Switzerland Canton Basel-Landschaft
62%
Switzerland Canton Basel-Stadt
62%
Switzerland Canton Bern
62%
Russia Autonomous Republic Crimea
62%
France Region Île-de-France
62%
Germany State Mecklenburg-Vorpommern
62%
Germany State North Rhine-Westphalia
62%
Germany State Saarland
62%
Germany State Schleswig-Holstein
62%
Italy Region Tuscany
62%
Spain Community Andalusia
61%
Spain Community Basque
61%
Germany State Brandenburg
61%
Hungary County Budapest
61%
Greece Region Crete
61%
Germany State Lower Saxony
61%
Portugal District Porto
61%
Czech Republic Region Prague
61%
Latvia Region Riga
61%
Sweden County Stockholm
61%
Spain Community Aragon
60%
Germany State Baden-Württemberg
60%
Spain Community Galicia
60%
Germany State Hesse
60%
Ukraine Region Kiev
60%
Ukraine City Kyiv
60%
France Region Provence-Alpes-Côte d'Azur
60%
Germany State Rhineland-Palatinate
60%
Russia City Saint Petersburg
60%
Austria State Upper Austria
60%
Spain Community Valencia
60%
Lithuania County Vilnius
60%
Denmark Region Zealand
60%
Ireland City Cork
58%
Ireland County Cork
58%
Switzerland Canton Geneva
58%
United Kingdom Dependency Isle of Man
58%
Austria State Lower Austria
58%
Germany State Saxony-Anhalt
58%
Croatia County Split-Dalmatia
58%
Germany State Thuringia
58%
Croatia City Zagreb
58%
Croatia County Zagreb
58%
Spain Community Balearic Islands
57%
Bulgaria Province Blagoevgrad
57%
Romania Municipality Bucharest
57%
Ukraine Region Donetsk
57%
Italy Region Emilia-Romagna
57%
Italy Region Friuli-Venezia Giulia
57%
Finland Region Lapland
57%
Italy Region Lazio
57%
France Region Nouvelle-Aquitaine
57%
France Region Occitanie
57%
France Region Pays de la Loire
57%
Bulgaria Province Sofia
57%
Bulgaria Province Sofia City
57%
Spain Community Castile and León
56%
Ukraine Region Kharkiv
56%
Italy Region Lombardy
56%
Switzerland Canton Zürich
56%
Serbia City Belgrade
55%
Slovakia Region Bratislava
55%
France Region Centre-Val de Loire
55%
France Region Grand Est
55%
Russia Republic Karelia
55%
Ukraine Region Lviv
55%
Ukraine Region Odessa
55%
Austria State Salzburg
55%
Albania County Tiranë
55%
Italy Region Veneto
55%
France Region Auvergne-Rhône-Alpes
54%
Italy Region Calabria
54%
Russia Region Kaliningrad
54%
Ukraine Region Luhansk
54%
Bosnia and Herzegovina Canton of the FBH Sarajevo
54%
Austria State Styria
54%
Netherlands Province Zeeland
54%
Belgium Province Antwerp
52%
Spain Community Asturias
52%
France Region Bourgogne-Franche-Comté
52%
Belarus Region Brest
52%
Moldova Municipality Chișinău
52%
Spain Community Extremadura
52%
Portugal District Faro
52%
Croatia County Istria
52%
United Kingdom Dependency Jersey
52%
Poland Province Kuyavia-Pomerania
52%
Spain Community Murcia
52%
Spain Community Navarre
52%
Poland Province Pomerania
52%
Italy Region Trentino-South Tyrol
52%
Norway Region Troms og Finnmark
52%
Montenegro Municipality Bar
51%
Austria State Carinthia
51%
Spain Community Castilla-La Mancha
51%
Ukraine Region Dnipropetrovsk
51%
Poland Province Łódź
51%
Czech Republic Region Moravia-Silesia
51%
Netherlands Province Noord Holland
51%
Italy Region Piedmont
51%
Bosnia and Herzegovina Division Republika Srpska
51%
Russia Region Rostov
51%
Poland Province Silesia
51%
Netherlands Province Zuid Holland
51%
Croatia County Dubrovnik-Neretva
50%
Sweden County Gotland
50%
United Kingdom Dependency Guernsey
50%
France Region Hauts-de-France
50%
Russia Region Leningrad
50%
Russia Region Murmansk
50%
Iceland Region Norðurland vestra
50%
Russia City Sevastopol
50%
Finland Region Southwest Finland
50%
Russia Region Arkhangelsk
49%
Austria State Burgenland
49%
Greece Region Eastern Macedonia and Thrace
49%
Netherlands Province Friesland
49%
Poland Province Greater Poland
49%
Ukraine Region Kherson
49%
Ireland City-County Limerick
49%
Netherlands Province Noord Brabant
49%
Iceland Region Norðurland eystra
49%
North Macedonia Region Northeast
49%
Russia Territory Perm
49%
North Macedonia Region Southwest
49%
Norway Territory Svalbard
49%
Moldova Unit Transnistria
49%
Spain Community Cantabria
48%
Lithuania County Kaunas
48%
Russia Region Nizhny Novgorod
48%
North Macedonia Region Southeast
48%
Malta Region South Eastern
48%
Slovenia Statistical region Southeast Slovenia
48%
Austria State Vorarlberg
48%
Italy Region Apulia
46%
Italy Region Campania
46%
Netherlands Province Groningen
46%
Spain Community La Rioja
46%
Poland Province Lesser Poland
46%
Belgium Province Liège
46%
Italy Region Liguria
46%
Russia Region Novgorod
46%
Kosovo District Pristina
46%
Italy Region Aosta Valley
45%
Portugal District Braga
45%
Russia Republic Chechnya
45%
Romania County Cluj
45%
Russia Republic Dagestan
45%
Belarus Region Gomel
45%
Russia Territory Krasnodar
45%
Belgium Province Limburg
45%
Greece Region Peloponnese
45%
North Macedonia Region Skopje
45%
Netherlands Province Utrecht
45%
Greece Region Western Macedonia
45%
Ukraine Region Zaporizhia
45%
Greece Region Central Macedonia
44%
Greece Region Epirus
44%
Denmark Country Faroe Islands
44%
Ireland City Galway
44%
Ireland County Galway
44%
Malta Region Gozo
44%
Poland Province Lublin
44%
Ireland County Wexford
44%
Portugal Region Azores
43%
Italy Region Basilicata
43%
Albania County Durrës
43%
Netherlands Province Limburg
43%
Poland Province Masovia
43%
Russia Region Samara
43%
Italy Region Umbria
43%
Russia Region Volgograd
43%
Belgium Province East Flanders
42%
Poland Province Lower Silesia
42%
Czech Republic Region Plzeň
42%
Montenegro Municipality Podgorica
42%
Russia Region Pskov
42%
Russia Republic Tatarstan
42%
Switzerland Canton Vaud
42%
Ireland City-County Waterford
42%
Poland Province West Pomerania
42%
Finland Region Åland
40%
Russia Region Astrakhan
40%
Greece Region Attica
40%
Romania County Constanța
40%
Netherlands Province Gelderland
40%
Finland Region North Karelia
40%
Estonia County Tartu
40%
Russia Region Tula
40%
Russia Region Tver
40%
Bulgaria Province Varna
40%
Hungary County Vas
40%
Russia Region Vladimir
40%
Belgium Province West Flanders
40%
Italy Region Abruzzo
39%
Russia Region Bryansk
39%
Belarus Region Grodno
39%
Ukraine Region Ivano-Frankivsk
39%
Russia Republic Kalmykia
39%
Lithuania County Klaipėda
39%
Italy Region Marche
39%
Italy Region Molise
39%
Russia Area Nenets
39%
Russia Republic North Ossetia-Alania
39%
Sweden County Skåne
39%
Russia Region Belgorod
38%
Russia Republic Komi
38%
Russia Region Kursk
38%
Switzerland Canton Luzern
38%
Greece Autonomous Region Mount Athos
38%
Ukraine Region Mykolaiv
38%
Poland Province Opole
38%
Russia Region Orenburg
38%
Bulgaria Province Plovdiv
38%
Estonia County Saare
38%
Finland Region South Karelia
38%
Romania County Timiș
38%
Sweden County Uppsala
38%
Croatia County Zadar
38%
Ukraine Region Zakarpattia
38%
Serbia District Bor
37%
Belgium Province Namur
37%
Switzerland Canton Neuchâtel
37%
Russia Region Ryazan
37%
Czech Republic Region Central Bohemia
36%
Switzerland Canton Grisons
36%
Russia Republic Ingushetia
36%
Greece Region Ionian Islands
36%
Russia Region Kirov
36%
Russia Region Saratov
36%
Switzerland Canton Schwyz
36%
Slovenia Statistical region Slovenian Carinthia
36%
Switzerland Canton Ticino
36%
Belarus Region Vitebsk
36%
Ireland County Westmeath
36%
Russia Region Yaroslavl
36%
Bulgaria Province Burgas
35%
Bosnia and Herzegovina Canton of the FBH Herzegovina-Neretva
35%
Romania County Iași
35%
Russia Republic Mari El
35%
Ireland County Mayo
35%
Ireland County Meath
35%
Hungary County Pest
35%
Russia Region Smolensk
35%
Czech Republic Region South Bohemia
35%
Switzerland Canton St. Gallen
35%
Ukraine Region Sumy
35%
Switzerland Canton Valais
35%
Russia Region Voronezh
35%
Russia Republic Adygea
33%
Russia Republic Bashkortostan
33%
Bosnia and Herzegovina District Brčko
33%
Ireland County Donegal
33%
Belgium Province Flemish Brabant
33%
Belgium Province Hainaut
33%
Poland Province Holy Cross
33%
Russia Region Ivanovo
33%
Switzerland Canton Jura
33%
Greece Region North Aegean
33%
Ireland County Sligo
33%
Greece Region South Aegean
33%
Poland Province Subcarpathia
33%
Switzerland Canton Uri
33%
Belgium Province Walloon Brabant
33%
Poland Province Warmia-Masuria
33%
Switzerland Canton Zug
33%
Luxembourg Canton Esch-sur-Alzette
32%
Netherlands Province Flevoland
32%
Switzerland Canton Fribourg
32%
Moldova Unit Găgăuzia
32%
Ireland County Kerry
32%
Ireland County Kilkenny
32%
Slovakia Region Košice
32%
Czech Republic Region South Moravia
32%
Greece Region Thessaly
32%
Switzerland Canton Aargau
31%
Ukraine Region Chernihiv
31%
Hungary County Győr-Moson-Sopron
31%
Russia Region Kaluga
31%
Ireland County Kildare
31%
Russia Region Lipetsk
31%
Poland Province Lubusz
31%
Belarus Region Mogilev
31%
Switzerland Canton Nidwalden
31%
Norway Region Nordland
31%
Switzerland Canton Obwalden
31%
Russia Region Oryol
31%
Ukraine Region Poltava
31%
Switzerland Canton Schaffhausen
31%
Russia Republic Chuvashia
30%
Netherlands Province Drenthe
30%
Sweden County Kalmar
30%
Czech Republic Region Liberec
30%
Sweden County Norrbotten
30%
Croatia County Osijek-Baranja
30%
Finland Region Ostrobothnia
30%
Netherlands Province Overijssel
30%
Poland Province Podlaskie
30%
Russia Territory Stavropol
30%
Ukraine Region Ternopil
30%
Russia Republic Udmurtia
30%
Russia Region Vologda
30%
Portugal District Beja
29%
Portugal District Bragança
29%
Switzerland Canton Glarus
29%
Russia Republic Karachay-Cherkessia
29%
Russia Republic Mordovia
29%
Finland Region North Ostrobothnia
29%
Czech Republic Region Olomouc
29%
Ukraine Region Rivne
29%
Switzerland Canton Thurgau
29%
Ireland County Tipperary
29%
Ukraine Region Vinnytsia
29%
Ukraine Region Volyn
29%
Finland Region Central Ostrobothnia
27%
Portugal District Coimbra
27%
Portugal District Évora
27%
Russia Republic Kabardino-Balkar
27%
Albania County Shkodër
27%
Finland Region South Ostrobothnia
27%
Russia Region Tambov
27%
Ukraine Region Cherkasy
26%
Russia Region Kostroma
26%
Ireland County Offaly
26%
Kosovo District Peja
26%
Russia Region Penza
26%
Portugal District Setúbal
26%
Switzerland Canton Solothurn
26%
Russia Region Ulyanovsk
26%
Albania County Vlorë
26%
Ireland County Wicklow
26%
Switzerland Canton Appenzell Ausserrhoden
25%
Switzerland Canton Appenzell Innerrhoden
25%
Romania County Brașov
25%
Ireland County Clare
25%
Estonia County Hiiu
25%
Czech Republic Region Karlovy Vary
25%
Slovakia Region Nitra
25%
Ireland County Roscommon
25%
Ireland County South Dublin
25%
Ukraine Region Zhytomyr
25%
Latvia Region Kurzeme
24%
Bulgaria Province Ruse
24%
Portugal District Aveiro
23%
Ukraine Region Chernivtsi
23%
Ukraine Region Kirovohrad
23%
Ireland County Laois
23%
Ireland County Monaghan
23%
Bulgaria Province Montana
23%
Serbia District North Banat
23%
Croatia County Požega-Slavonia
23%
Serbia District South Banat
23%
Bosnia and Herzegovina Canton of the FBH Tuzla
23%
Finland Region Uusimaa
23%
Portugal District Vila Real
23%
Moldova Municipality Bălți
21%
Ireland County Carlow
21%
Ireland County Cavan
21%
Albania County Gjirokastër
21%
Ukraine Region Khmelnytskyi
21%
Ireland County Leitrim
21%
Estonia County Pärnu
21%
Croatia County Šibenik-Knin
21%
Czech Republic Region Ústí nad Labem
21%
Norway Region Vestfold og Telemark
21%
Norway Region Viken
21%
Croatia County Vukovar-Srijem
21%
Czech Republic Region Zlín
21%
Romania County Arad
20%
Portugal District Castelo Branco
20%
Luxembourg Canton Clervaux
20%
Albania County Elbasan
20%
Romania County Galați
20%
Lithuania County Marijampolė
20%
Portugal District Portalegre
20%
Sweden County Västerbotten
20%
Norway Region Vestland
20%
Serbia District Central Banat
19%
Bulgaria Province Dobrich
19%
Albania County Fier
19%
Luxembourg Canton Grevenmacher
19%
Sweden County Jönköping
19%
Croatia County Karlovac
19%
Montenegro Municipality Kotor
19%
Ireland County Longford
19%
Finland Region North Savo
19%
Slovakia Region Prešov
19%
Norway Region Rogaland
19%
Finland Region South Savo
19%
Bulgaria Province Stara Zagora
19%
Portugal District Viseu
19%
Lithuania County Alytus
18%
Albania County Berat
18%
Croatia County Brod-Posavina
18%
Czech Republic Region Hradec Králové
18%
Portugal District Leiria
18%
Albania County Lezhë
18%
Luxembourg Canton Mersch
18%
Norway Region Møre og Romsdal
18%
Sweden County Örebro
18%
Czech Republic Region Pardubice
18%
Bulgaria Province Pleven
18%
Kosovo District Prizren
18%
Portugal District Santarém
18%
Romania County Sibiu
18%
Norway Region Trøndelag
18%
Romania County Tulcea
18%
Slovakia Region Žilina
18%
Norway Region Agder
17%
Romania County Alba
17%
Romania County Botoșani
17%
Montenegro Municipality Cetinje
17%
Sweden County Dalarna
17%
Portugal District Guarda
17%
Albania County Korçë
17%
Croatia County Lika-Senj
17%
Kosovo District Mitrovica
17%
Serbia District North Bačka
17%
Lithuania County Šiauliai
17%
Serbia District South Bačka
17%
Romania County Suceava
17%
Slovakia Region Trenčín
17%
Sweden County Västra Götaland
17%
Bulgaria Province Veliko Tarnovo
17%
Hungary County Veszprém
17%
Portugal District Viana do Castelo
17%
Bosnia and Herzegovina Canton of the FBH Western Bosnia
17%
Romania County Bacău
15%
Croatia County Bjelovar-Bilogora
15%
Luxembourg Canton Diekirch
15%
Sweden County Halland
15%
Estonia County Harju
15%
Hungary County Komárom-Esztergom
15%
Albania County Kukës
15%
Montenegro Municipality Nikšić
15%
Croatia County Primorje-Gorski Kotar
15%
Romania County Satu Mare
15%
Bulgaria Province Shumen
15%
Bulgaria Province Sliven
15%
Bulgaria Province Targovishte
15%
Croatia County Varaždin
15%
Bulgaria Province Vidin
15%
Estonia County Võru
15%
Luxembourg Canton Wiltz
15%
Bosnia and Herzegovina Canton of the FBH Zenica-Doboj
15%
Hungary County Bács-Kiskun
14%
Hungary County Baranya
14%
Hungary County Békés
14%
Sweden County Blekinge
14%
Luxembourg Canton Capellen
14%
Bosnia and Herzegovina Canton of the FBH Central Bosnia
14%
Albania County Dibër
14%
Ireland County Dún Laoghaire–Rathdown
14%
Luxembourg Canton Echternach
14%
Bulgaria Province Haskovo
14%
Norway Region Innlandet
14%
Romania County Maramureș
14%
Croatia County Međimurje
14%
Romania County Mureș
14%
Hungary County Nógrád
14%
Finland Region Pirkanmaa
14%
Serbia District Podunavlje
14%
Bulgaria Province Razgrad
14%
Croatia County Sisak-Moslavina
14%
Sweden County Södermanland
14%
Slovakia Region Trnava
14%
Bosnia and Herzegovina Canton of the FBH Una-Sana
14%
Luxembourg Canton Vianden
14%
Czech Republic Region Vysočina
14%
Serbia District West Bačka
14%
Romania County Bihor
13%
Romania County Brăila
13%
Romania County Buzău
13%
Moldova District Călărași
13%
Romania County Călărași
13%
Hungary County Csongrád-Csanád
13%
Hungary County Fejér
13%
Romania County Giurgiu
13%
Romania County Ilfov
13%
Hungary County Jász-Nagykun-Szolnok
13%
Croatia County Koprivnica-Križevci
13%
Croatia County Krapina-Zagorje
13%
Bulgaria Province Kyustendil
13%
Latvia Region Latgale
13%
Slovenia Statistical region Littoral-Inner Carniola
13%
Romania County Olt
13%
Lithuania County Panevėžys
13%
Bulgaria Province Pernik
13%
Bosnia and Herzegovina Canton of the FBH Posavina
13%
Luxembourg Canton Redange
13%
Luxembourg Canton Remich
13%
Finland Region Satakunta
13%
Hungary County Szabolcs-Szatmár-Bereg
13%
Montenegro Municipality Ulcinj
13%
Sweden County Värmland
13%
Sweden County Västmanland
13%
Estonia County Viljandi
13%
Croatia County Virovitica-Podravina
13%
Bulgaria Province Vratsa
13%
Bosnia and Herzegovina Canton of the FBH West Herzegovina
13%
Bulgaria Province Yambol
13%
Hungary County Zala
13%
Slovakia Region Banská Bystrica
12%
Moldova Municipality Bender
12%
Romania County Bistrița-Năsăud
12%
Montenegro Municipality Budva
12%
Slovenia Statistical region Coastal-Karst
12%
Montenegro Municipality Danilovgrad
12%
Ireland County Fingal
12%
Bulgaria Province Gabrovo
12%
Kosovo District Gjakova
12%
Romania County Gorj
12%
Hungary County Hajdú-Bihar
12%
Montenegro Municipality Herceg Novi
12%
Hungary County Heves
12%
Romania County Hunedoara
12%
Romania County Ialomița
12%
Sweden County Jämtland
12%
Finland Region Kainuu
12%
Bulgaria Province Kardzhali
12%
Sweden County Kronoberg
12%
Bulgaria Province Lovech
12%
Romania County Neamț
12%
Bulgaria Province Pazardzhik
12%
Estonia County Põlva
12%
Estonia County Rapla
12%
Bulgaria Province Silistra
12%
Bulgaria Province Smolyan
12%
Hungary County Somogy
12%
Hungary County Tolna
12%
Romania County Vâlcea
12%
Estonia County Valga
12%
North Macedonia Region Vardar
12%
Romania County Vaslui
12%
Romania County Vrancea
12%
Romania County Argeș
11%
Romania County Caraș-Severin
11%
Romania County Covasna
11%
Romania County Dâmbovița
11%
Romania County Dolj
11%
Moldova District Florești
11%
Sweden County Gävleborg
11%
Romania County Harghita
11%
Estonia County Ida-Viru
11%
Estonia County Jõgeva
11%
Finland Region Kymenlaakso
11%
Romania County Mehedinți
11%
Sweden County Östergötland
11%
Romania County Prahova
11%
Romania County Sălaj
11%
Serbia District Srem
11%
Romania County Teleorman
11%
Montenegro Municipality Tivat
11%
Iceland Region Vestfirðir
11%
Latvia Region Zemgale
11%
Montenegro Municipality Bijelo Polje
10%
Hungary County Borsod-Abaúj-Zemplén
10%
Bosnia and Herzegovina Canton of the FBH Bosnian Podrinje
10%
Slovenia Statistical region Drava
10%
Moldova District Dubăsari
10%
Kosovo District Ferizaj
10%
Kosovo District Gjilan
10%
Estonia County Järva
10%
Finland Region Kanta-Häme
10%
Estonia County Lääne-Viru
10%
Finland Region Päijät-Häme
10%
Montenegro Municipality Plav
10%
Lithuania County Tauragė
10%
Lithuania County Telšiai
10%
Moldova District Ungheni
10%
Lithuania County Utena
10%
Sweden County Västernorrland
10%
Serbia District Zlatibor
10%
Slovenia Statistical region Central Sava
8%
Slovenia Statistical region Gorizia
8%
Montenegro Municipality Mojkovac
8%
Serbia District Pirot
8%
Montenegro Municipality Pljevlja
8%
Moldova District Rezina
8%
Montenegro Municipality Rožaje
8%
Moldova District Soroca
8%
Montenegro Municipality Tuzi
8%
Slovenia Statistical region Upper Carniola
8%
Latvia Region Vidzeme
8%
Montenegro Municipality Žabljak
8%
Montenegro Municipality Andrijevica
7%
Montenegro Municipality Berane
7%
Moldova District Briceni
7%
Moldova District Cahul
7%
Moldova District Căușeni
7%
Moldova District Dondușeni
7%
Moldova District Drochia
7%
Moldova District Edineț
7%
Moldova District Fălești
7%
Moldova District Glodeni
7%
Montenegro Municipality Gusinje
7%
Moldova District Hîncești
7%
Moldova District Ialoveni
7%
Montenegro Municipality Kolašin
7%
Moldova District Leova
7%
Slovenia Statistical region Lower Sava
7%
Slovenia Statistical region Mura
7%
Moldova District Nisporeni
7%
Moldova District Ocnița
7%
Moldova District Orhei
7%
Montenegro Municipality Plužine
7%
North Macedonia Region Polog
7%
Serbia District Raška
7%
Moldova District Rîșcani
7%
Montenegro Municipality Šavnik
7%
Moldova District Ștefan Vodă
7%
Moldova District Strășeni
7%
Iceland Region Suðurnes
7%
Moldova District Taraclia
7%
Moldova District Anenii Noi
6%
Moldova District Basarabeasca
6%
Moldova District Cantemir
6%
Moldova District Cimișlia
6%
Moldova District Criuleni
6%
Serbia District Kolubara
6%
Serbia District Moravica
6%
Serbia District Nišava
6%
North Macedonia Region Pelagonia
6%
Montenegro Municipality Petnjica
6%
Latvia Region Pierīga
6%
Serbia District Pomoravlje
6%
Moldova District Sîngerei
6%
Moldova District Șoldănești
6%
Serbia District Šumadija
6%
Moldova District Telenești
6%
Serbia District Zaječar
6%
Serbia District Braničevo
5%
Serbia District Jablanica
5%
Serbia District Mačva
5%
Serbia District Pčinja
5%
Serbia District Rasina
5%
Slovenia Statistical region Savinja
5%
Serbia District Toplica
5%
No matching quizzes found
Score Distribution
Percent of People with Each Score
Percentile by Number Answered
Your Score History
You have not taken this quiz